000 00376nam a2200109Ia 4500
008 171211s9999 xx 000 0 und d
245 _aProfessional WordPress: Design and Development, Second Edition
245 _cBrad Williams, David Damstra, and Hal Stern
260 _c2013
650 _xWeb Development
856 _uhttp://down.ebook777.com/011/Professional%20WordPress.pdf
999 _c350088
_d350088